000 00759nam a2200241 i 4500
003 DO-SdBNP
005 20250401135741.0
007 ta
008 240501b2000 dr a|||| |||| 00| 0 spa d
040 _aDO-SdBNP
_bspa
_cBNPHU
_erda
082 4 _222
100 1 _aChaljub Mejía, Rafael
_d1942-
_eautor
_918985
245 1 0 _aHe aqui la izquierda /
_cRafael Chaljub Mejía ; correcciones, Juan Bautista
264 _aSanto Domingo :
_bMediabyte,
_c2000.
300 _a459 páginas :
_bilustraciones ;
_c22 cm.
336 _2rdacontent
_atexto
_btxt
337 _2rdamedia
_asin mediación
_bn
338 _2rdacarrier
_avolumen
_bnc
590 _aInventariado, 2024/BT
700 1 _aBautista, Juan,
_ecorrecciones
_913699
910 _aBtavárez
942 _2ddc
_cLBS1
999 _c56567
_d56567